000 00552nam a2200193Ia 4500
005 20250923150017.0
008 008 250917s9999 xx 000 0 eng d
037 _aTextual
040 _aDSWL
_beng
_cDSWL
041 _aeng
_2eng
084 _aY:434x2, N88
_qDSWL
245 0 _aPoverty in India : challenges and Responses
_c Ed.by S.J. Murickan
260 _aBangalore
_b T.X.B.H. E. India
_c1988
300 _axii,439 p.
365 _aINR
_b55.00
925 _g55.00
942 _cTEXL
_hY:434x2, N88
999 _c1458472
_d1458472